| 000 | 00750nam a22002535i 4500 | ||
|---|---|---|---|
| 001 | SSB064569 | ||
| 005 | 20141020131546.0 | ||
| 008 | 130705s2014 cau 000 0 eng | ||
| 010 | _a2013944555 | ||
| 020 | _a9781446252574 (pbk.) | ||
| 040 |
_aDLC _beng _erda _cDLC |
||
| 042 | _apcc | ||
| 050 | 0 | 0 |
_aBF 637.C6 _b.Al24 2014 |
| 100 | 1 | _aAldridge, Sally. | |
| 245 | 1 | 2 |
_aA short introduction to counselling / _cSally Aldridge. |
| 250 | _a1st edition. | ||
| 260 |
_aLondon : _bSAGE Publication Ltd., _cc2014. |
||
| 263 | _a1402. | ||
| 300 |
_a192 pages ; _c22 cm. |
||
| 440 | _aShort introductions to the therapy professions. | ||
| 504 | _aIncludes bibliographical references and index. | ||
| 650 | 0 | _aCounseling. | |
| 942 |
_2lcc _cBK _kFOR |
||
| 999 |
_c275956 _d275956 |
||